000 00660nam a2200253Ia 4500
003 OSt
005 20221007074232.0
006 a|||||r|||| 00| 0
007 ta
008 221006b |||||||| |||| 00| 0 eng d
024 _a20,372
037 _cTextual
040 _aFLL
_cFLL
_beng
041 _2eng
_aeng
082 _aZ2,166, N7
100 _aMulla Au.
245 0 _aLaw of insolvency in india
250 _a4th
260 _aMumbai
_bN.M. tripathi pvt. ltd. India
_c1997
300 _a698p
_ccm.
700 _a Narayan S. Au.
_9692782
942 _hZ2,166, N7
_cTEXL
_2CC
999 _c1151643
_d1151643